<?xml version="1.0" encoding="UTF-8"?>
<collection xmlns="http://www.loc.gov/MARC21/slim">
 <record>
  <leader>01137cam a22002895a 4500</leader>
  <controlfield tag="001">EIQ.libpla001237</controlfield>
  <controlfield tag="008">900222s1988####it#a#####b###i000#0#eng#d</controlfield>
  <controlfield tag="005">20071217151812.0</controlfield>
  <datafield tag="245" ind1="1" ind2="0">
   <subfield code="a">Small-scale fish landing and marketing facilities /</subfield>
   <subfield code="c">by A.F. Medina Pizzali.</subfield>
  </datafield>
  <datafield tag="260" ind1=" " ind2=" ">
   <subfield code="a">Rome :</subfield>
   <subfield code="b">Food and Agriculture Organization of the United Nations (FAO),</subfield>
   <subfield code="c">1988.</subfield>
  </datafield>
  <datafield tag="300" ind1=" " ind2=" ">
   <subfield code="a">vii, 68 p. :</subfield>
   <subfield code="b">il. ;</subfield>
   <subfield code="c">30 cm.</subfield>
  </datafield>
  <datafield tag="490" ind1="1" ind2=" ">
   <subfield code="a">FAO fisheries technical paper ;</subfield>
   <subfield code="v">291</subfield>
  </datafield>
  <datafield tag="504" ind1=" " ind2=" ">
   <subfield code="a">Incluye referencias bibliográficas (p. 62-63).</subfield>
  </datafield>
  <datafield tag="020" ind1=" " ind2=" ">
   <subfield code="a">9251026505</subfield>
  </datafield>
  <datafield tag="100" ind1="1" ind2=" ">
   <subfield code="a">Medina Pizzali, A. F.</subfield>
  </datafield>
  <datafield tag="830" ind1=" " ind2="0">
   <subfield code="a">FAO fisheries technical paper ;</subfield>
   <subfield code="v">no. 291.</subfield>
  </datafield>
  <datafield tag="043" ind1=" " ind2=" ">
   <subfield code="a">d------</subfield>
  </datafield>
  <datafield tag="082" ind1="0" ind2="0">
   <subfield code="a">639.2 s</subfield>
   <subfield code="a">338.3/727/0091724</subfield>
   <subfield code="2">20</subfield>
  </datafield>
  <datafield tag="650" ind1=" " ind2="4">
   <subfield code="a">Control de pescados</subfield>
   <subfield code="x">Carga y descarga.</subfield>
  </datafield>
  <datafield tag="650" ind1=" " ind2="4">
   <subfield code="a">Países en desarrollo</subfield>
   <subfield code="x">Control de pescados.</subfield>
  </datafield>
  <datafield tag="650" ind1=" " ind2="4">
   <subfield code="a">Países en desarrollo</subfield>
   <subfield code="x">Comercio de pescados.</subfield>
  </datafield>
  <datafield tag="650" ind1=" " ind2="4">
   <subfield code="a">Fish handling</subfield>
   <subfield code="x">Loading and unloading.</subfield>
  </datafield>
  <datafield tag="650" ind1=" " ind2="4">
   <subfield code="a">Developing countries</subfield>
   <subfield code="z">Fish handling.</subfield>
  </datafield>
  <datafield tag="650" ind1=" " ind2="4">
   <subfield code="a">Developing countries</subfield>
   <subfield code="z">Fish trade.</subfield>
  </datafield>
  <datafield tag="010" ind1=" " ind2=" ">
   <subfield code="a">   90121515 </subfield>
  </datafield>
  <datafield tag="040" ind1=" " ind2=" ">
   <subfield code="a">DLC</subfield>
   <subfield code="c">DLC</subfield>
   <subfield code="d">AR-BbSID</subfield>
  </datafield>
  <datafield tag="859" ind1=" " ind2=" ">
   <subfield code="a">AR-BbSID</subfield>
   <subfield code="b">BIB. PLAPIQUI</subfield>
   <subfield code="h">621.39</subfield>
   <subfield code="i">M 468</subfield>
   <subfield code="p">4512</subfield>
  </datafield>
 </record>
</collection>
